00311nam a2200121Ia 45000030006000000080041000060400015000471000033000622450039000952600026001345460012001600050017001720STCL150530s9999 xx 000 0 und d aSTCLcSTCL aDryden; Arnold, M.A.; Editor aDryden an essays of dramatic poesy bClarendon pressc1920 aEnglish20220125171147.0